Vivir la experiencia espiritual
Uloženo v:
| Hlavní autor: | |
|---|---|
| Médium: | Kniha |
| Jazyk: | španělština |
| Vydáno: |
Buenos Aires
Paulinas
1993
|
| Témata: | |
| Tagy: |
Přidat tag
Žádné tagy, Buďte první, kdo vytvoří štítek k tomuto záznamu!
|
MARC
| LEADER | 00000nam a2200000 a 4500 | ||
|---|---|---|---|
| 001 | UCZ1932 | ||
| 003 | CL-VaPUC | ||
| 008 | 950914e19930000AG |||||||||||||||||spa|d | ||
| 082 | 0 | 4 | |a 248.4 |b FRA |2 21 |
| 100 | 0 | |a Fraling, Bernhard |e author |9 345642 | |
| 245 | 1 | 0 | |a Vivir la experiencia espiritual |
| 246 | 1 | 3 | |a La espiritualidad en el ministerio pastoral |
| 300 | |a 129 p | ||
| 942 | |c BK | ||
| 945 | |d 19950914 00:00:00 |a aalvarez | ||
| 260 | |a Buenos Aires |b Paulinas |c 1993 | ||
| 650 | 0 | |a Espiritualidad |9 267331 | |
| 650 | 0 | |a Vida cristiana |9 258753 | |
| 650 | 0 | |a Fe |9 308036 | |
| 583 | |a last modification |c 19950914 00:00:00 |k Rodrigo Vera | ||
| 999 | |c 238603 |d 238601 | ||
| 952 | |0 0 |1 0 |4 0 |6 248_400000000000000_FRA_1993 |7 0 |8 A |9 248892 |a BIBTEO |b BIBTEO |d 2019-11-18 |i 3125629 |o 248.4 FRA 1993 |p 3125629 |r 2025-01-17 |w 2019-11-18 |y BK |k ICR | ||
| 952 | |0 0 |1 0 |4 0 |6 248_400000000000000_FRA_1993 |7 0 |8 A |9 248893 |a BIBTEO |b BIBTEO |d 2019-11-18 |i 3125637 |o 248.4 FRA 1993 |p 3125637 |r 2025-01-17 |w 2019-11-18 |y BK |k ICR | ||